| 000 | 00564nam a2200205 a 4500 | ||
|---|---|---|---|
| 005 | 20210219153111.0 | ||
| 008 | 991125n 000 0 spa u | ||
| 035 | _aUPN01000078048 | ||
| 100 | _aGORE, Jennifer M. | ||
| 222 | 0 | _aREVISTA DE EDUCACION | |
| 245 | 3 | _aLa ética foucaultiana y la pedagogía feminista | |
| 300 | _a155-178 | ||
| 362 | _a1992 No. 297, ene.-abr. | ||
| 653 | 0 | _aEDUCACION DE MUJERES | |
| 653 | 0 | _aETICA | |
| 653 | 0 | _aFILOSOFIA EDUCATIVA | |
| 653 | 0 | _aFOUCAULT, PAUL-MICHEL, 1926-1984 | |
| 904 |
_aAC _b015859 |
||
| 905 | _aArticulo | ||
| 999 |
_c68456 _d68456 |
||